000 00891nam a22002297a 4500
003 BDDh-ASL
005 20231015031234.0
008 230320m20132016b ||||| |||| 00| 0 b d
040 _cBDDh-ASL
041 _abengali
082 _a909.09
_bAHJ
100 1 _aআহমদ, সাব্বির
_97586
245 1 0 _aজাতীয় বৃক্ষ আমগাছ /
246 _aJatiya Brikkho Amgach.
260 _aঢাকা:
_bপরিচয় প্রকাশন,
_c২০১৬।
300 _a২৪৮ পৃষ্ঠা:
_bরঙিন ছবি;
_c২২ সে.মি.
504 _aগ্রন্থপঞ্জি সংযুক্ত ।
650 0 _aHistory (ইতিহাস)
_94586
650 0 _aGeneral History (সাধারণ ইতিহাস)
_97588
650 0 _aMango (আম)
_97589
_xMango Tree (আমগাছ)
942 _2ddc
_cBK
999 _c31163
_d31163